| 000 | 00817nas a2200277 4500 | ||
|---|---|---|---|
| 001 | BR0904703 | ||
| 003 | BR-BrBNA | ||
| 005 | 20231205113519.0 | ||
| 007 | ta | ||
| 008 | 230509b bl.|||p| |||| 00| 00por d | ||
| 040 |
_aBR-BrBNA _bpor _cBiblioteca Nacional de Agricultura |
||
| 041 | _a(Pt) | ||
| 072 | _aE72 | ||
| 100 | 1 | _aSouki, G.Q. | |
| 100 | 1 | _aSalazar, G.T. | |
| 100 | 1 | _aAntonialli, L.M. | |
| 100 | 1 | _aPereira, C.A. | |
| 245 | 1 | _aAtributos que afetam a decisão de compra dos consumidores de carne bovina | |
| 650 | _aCARNE | ||
| 650 | _aBOVINO | ||
| 650 | _aCOMÉRCIO INTERNO | ||
| 650 | _aCOMPRA | ||
| 773 | 0 |
_tOrganizações Rurais e Agroindustriais (Brazil) _xISSN 1517-3879 _g(Jul-Dec 2003), v. 5(2) p. 36-51 _wBR0904703 |
|
| 909 |
_a202311 _bLúcia _c55 _dLúcia Elande |
||
| 942 |
_2AGRIS _n0 _cANA |
||
| 999 |
_c204186 _d204186 |
||